000 00558nam a2200205Ia 4500
003 OSt
005 20220926045501.0
006 a|||||r|||| 00| 0
007 ta
008 220923b |||||||| |||| 00| 0 eng d
037 _cGeneral Book
040 _aRTL
_cRTL
_beng
041 _2eng
_aeng
082 _aX9(D55).2,w,ICF, K6/EC/GD
111 _aIndia, Lok Sabha (3rd) Estimate Committee (1966-67)
_9350258
245 0 _a85 Report
260 _c1966
942 _hX9(D55).2,w,ICF, K6/EC/GD
_cGB
_2CC
999 _c677708
_d677708